I Wouldn’t Mind - He Is We - All Lyrics - Statistics

General Stats
  • This quiz has been taken 18 times
  • The average score is 142 of 187
Answer Stats
Answer % Correct
a
100%
by
100%
I
100%
me,
100%
me
100%
we
100%
you,
100%
You
100%
you
100%
your
100%
I’m
93%
of
93%
out
93%
side
93%
fall
86%
for
86%
in
86%
line,
86%
line
86%
not
86%
time,
86%
with
86%
but
79%
I’d
79%
I'd
79%
is
79%
it
79%
melodies
79%
Merrily
79%
mind
79%
the
79%
wouldn't
79%
afraid
71%
and
71%
anymore,
71%
anywhere
71%
are
71%
Forever
71%
going
71%
long
71%
long,
71%
so
71%
to
71%
We’re
71%
where
71%
destiny
64%
Every
64%
free
64%
humming
64%
our
64%
rain,
64%
right
64%
set
64%
spending
64%
Tell
64%
until
64%
all
57%
at
57%
be
57%
breathe
57%
came
57%
can
57%
gently
57%
get
57%
Swinging
57%
that
57%
took
57%
up
57%
Carefully
50%
everyday
50%
hardly
50%
heart
50%
know
50%
or
50%
place
50%
smile
50%
this
50%
torn,
50%
torn
50%
wake
50%
warm
50%
freeze
43%
Pinch
43%
sing
43%
write
43%
word
36%
we'll
29%
No matching quizzes found
Score Distribution
Percent of People with Each Score
Percentile by Number Answered
Your Score History
You have not taken this quiz